000 00765nas a2200241 i 4500
001 2851
003 ES-MaACL
005 20250810225312.0
007 t|
008 010618d1950 sp | 0 0 |spa d
080 _a(460)
080 _a82
245 0 3 _aEl Jardín de los frailes
_b: cuadernos de poesía de "Escorial".
260 _aMadrid :
_bEscorial,
_c1950.
300 _a1 v. ;
_c24 cm.
362 0 _aN. 1 (en.-feb. 1950)
525 _aSólo se publicó el n. 1, como suplemento al n. 65 de la revista Escorial (en.-feb. 1950)
650 1 7 _aPoesía
_2embne
_916149
772 0 _aEscorial (Madrid),
_xISSN 1698-2606
852 _aES-MaACL
_jK-41(t. 21)
_zEncuadernado con t. 21 de la revista Escorial
866 0 _o1950
999 _c2851
_d2851